Văn học nghệ thuật Thăng Long - Hà Nội quá khứ và hiện tại /

Saved in:
Bibliographic Details
Main Author: Đình Quang
Format: Book (Paper)
Language:Vietnamese
Published: H. : Chính trị Quốc gia, 2001
Tags: Add Tag
No Tags, Be the first to tag this record!
Institutions: Thư viện Trường Đại học Đà Lạt
LEADER 00634nam a2200253 4500
001 DLU040000014
005 ##20040219
040 # # |a DLU  |b vie 
041 # # |a vie 
044 # # |a vn 
082 # # |a 306.089 959 2  |b DI-Q 
100 # # |a Đình Quang 
245 # # |a Văn học nghệ thuật Thăng Long - Hà Nội quá khứ và hiện tại /  |c Đình Quang 
260 # # |a H. :  |b Chính trị Quốc gia,  |c 2001 
300 # # |a 272 tr. ;  |c 19 cm 
992 # # |a 24000 
994 # # |a DLU 
900 # # |a True 
911 # # |a Đào Thị Thu Huyền 
925 # # |a G 
926 # # |a A 
927 # # |a SH 
980 # # |a Thư viện Trường Đại học Đà Lạt